[Event "Lichtenrader Herbst"]
[Site "?"]
[Date "2005.10.01"]
[Round "1"]
[White "Rabiega, Robert"]
[Black "Apel, Wolfgang"]
[Result "1-0"]
[WhiteElo "2501"]
[BlackElo "1790"]
[PlyCount "57"]
[EventDate "2005.??.??"]

1. e4 c6 2. d4 d5 3. Nd2 dxe4 4. Nxe4 Nf6 5. Nxf6+ exf6 6. c3 Bf5 7. Ne2 Bd6 8.
Ng3 Bxg3 9. hxg3 Qe7+ 10. Be3 Nd7 11. d5 c5 12. Bd3 Bxd3 13. Qxd3 g6 14. O-O-O
O-O-O 15. Rh4 Ne5 16. Qb5 b6 17. Ra4 Qb7 18. c4 g5 19. b4 cxb4 20. Qxb4 Kb8 21.
Kb1 Rc8 22. Qd6+ Qc7 23. Qxf6 h6 24. d6 Qd7 25. Qxe5 f6 26. Qb5 Rhd8 27. Qxd7
Rxd7 28. c5 bxc5 29. Rc4 1-0

[Event "Lichtenrader Herbst"]
[Site "?"]
[Date "2005.10.01"]
[Round "1"]
[White "Cirkovic, Rade"]
[Black "Meister, Yakov"]
[Result "0-1"]
[WhiteElo "1958"]
[BlackElo "2490"]
[PlyCount "74"]
[EventDate "2005.??.??"]

1. e4 c5 2. Nf3 e6 3. d4 cxd4 4. Nxd4 Nf6 5. Nc3 Bb4 6. Bd3 e5 7. Nb3 d5 8.
exd5 Nxd5 9. Bd2 Nxc3 10. bxc3 Bd6 11. Qh5 g6 12. Qh6 Bf8 13. Qe3 Bg7 14. Qc5
Nd7 15. Qb4 Qe7 16. Rd1 Qxb4 17. cxb4 O-O 18. O-O Nb6 19. Be3 Na4 20. Bc5 Nxc5
21. Nxc5 b6 22. Ne4 Be6 23. a4 h6 24. Ba6 Rfd8 25. Nc3 Bf8 26. b5 Bb4 27. Rxd8+
Rxd8 28. Rd1 Rxd1+ 29. Nxd1 Kf8 30. Ne3 Ke7 31. Kf1 Kd6 32. Ke2 f5 33. f3 Bc5
34. c3 Bxe3 35. Kxe3 Bb3 36. a5 bxa5 37. Kd3 Kc5 0-1

[Event "Lichtenrader Herbst"]
[Site "?"]
[Date "2005.10.01"]
[Round "1"]
[White "Kalinitschew, Sergey"]
[Black "Nabel, Matthias"]
[Result "1-0"]
[WhiteElo "2478"]
[BlackElo "1889"]
[PlyCount "49"]
[EventDate "2005.??.??"]

1. d4 d5 2. c4 c6 3. Nc3 Nf6 4. Nf3 e6 5. e3 Nbd7 6. Qc2 Bd6 7. g4 h6 8. Bd2 b6
9. cxd5 exd5 10. Rg1 Qe7 11. Bd3 Bb7 12. h4 O-O-O 13. g5 hxg5 14. hxg5 Ne8 15.
Nxd5 Qe6 16. Nc3 Kb8 17. O-O-O g6 18. Kb1 Nc7 19. e4 Qh3 20. Be2 Be7 21. Bf4
Rc8 22. Ne5 Nxe5 23. Bxe5 Rh4 24. Bg3 Bxg5 25. Bxc7+ 1-0

[Event "Lichtenrader Herbst"]
[Site "?"]
[Date "2005.10.01"]
[Round "1"]
[White "Mueller, Peter"]
[Black "Geller, Jakov"]
[Result "0-1"]
[WhiteElo "1874"]
[BlackElo "2469"]
[PlyCount "64"]
[EventDate "2005.??.??"]

1. e4 c5 2. Nf3 e6 3. d4 cxd4 4. Nxd4 Nc6 5. a3 Nf6 6. Nc3 Qc7 7. Be3 a6 8. f4
d6 9. Be2 Be7 10. Qd2 O-O 11. g4 Nxd4 12. Qxd4 e5 13. Qd1 exf4 14. Bxf4 Be6 15.
g5 Nd7 16. Qd2 b5 17. O-O-O Ne5 18. Nd5 Bxd5 19. exd5 Rac8 20. h4 Rfe8 21. Rh3
Nc4 22. Bxc4 Qxc4 23. Kb1 Bf8 24. Rc3 Qe4 25. Rxc8 Rxc8 26. Re1 Qf5 27. h5 Rc4
28. Be3 Re4 29. Bf2 Rxe1+ 30. Bxe1 Be7 31. Bh4 h6 32. Qe1 Bxg5 0-1

[Event "Lichtenrader Herbst"]
[Site "?"]
[Date "2005.10.01"]
[Round "1"]
[White "Mikhaletz, Lubomir"]
[Black "Fischer, Anke"]
[Result "1-0"]
[WhiteElo "2451"]
[BlackElo "1849"]
[PlyCount "55"]
[EventDate "2005.??.??"]

1. e4 c5 2. Nf3 e6 3. d3 Nc6 4. g3 d6 5. Bg2 Nf6 6. O-O Be7 7. Nbd2 a6 8. h3
O-O 9. c3 e5 10. Nh4 Be6 11. Nf5 d5 12. Nxe7+ Qxe7 13. f4 exf4 14. gxf4 Rad8
15. Qe1 dxe4 16. dxe4 Rfe8 17. Qf2 Rc8 18. e5 Nh5 19. Ne4 Red8 20. Be3 b6 21.
Nd6 Rc7 22. Bxc6 Rxc6 23. Qf3 Qh4 24. f5 Bd5 25. Bf2 Qg5+ 26. Qg4 Qxg4+ 27.
hxg4 Nf4 28. Bh4 1-0

[Event "Lichtenrader Herbst"]
[Site "?"]
[Date "2005.10.01"]
[Round "1"]
[White "Just, Detlef"]
[Black "Langrock, Hannes"]
[Result "0-1"]
[WhiteElo "1799"]
[BlackElo "2430"]
[PlyCount "68"]
[EventDate "2005.??.??"]

1. e4 c5 2. Nf3 e6 3. d4 cxd4 4. Nxd4 a6 5. Nc3 b5 6. Bd3 Qb6 7. Nb3 Qc7 8. O-O
Bb7 9. f4 b4 10. Ne2 Nf6 11. Ng3 h5 $132 12. Qf3 h4 (12... a5 $5) 13. Ne2 d5
14. e5 d4 $2 (14... Ne4) 15. Qh3 $16 {Uebersehen.} (15. Qf2 $2 Ng4 16. Qxd4 h3
$19) 15... Nd5 16. Nexd4 Nc6 17. Bd2 (17. Nxc6 Qxc6 18. f5 $16) 17... Nxd4 18.
Nxd4 Qb6 19. c3 Bc5 20. Be3 $2 (20. Kh1 $5 Bxd4 21. cxd4 Qxd4 22. f5) 20...
Nxe3 21. Qxe3 O-O-O 22. Rac1 Kb8 23. Rf2 Bxd4 24. cxd4 Qxd4 25. Qxd4 Rxd4 $17
26. Bc4 Rc8 27. b3 Bd5 28. Rfc2 (28. f5 Bxc4 29. bxc4 Rdxc4) 28... Bxc4 29.
Rxc4 $2 (29. g3 $5 Rd3 30. Rxc4 Rxc4 31. Rxc4 a5) (29. bxc4 Rxf4 30. c5 Rd8)
29... Rcxc4 30. Rxc4 $2 (30. bxc4 Rxf4 $19) 30... Rxc4 31. bxc4 a5 32. Kf2 a4
33. Ke2 b3 34. axb3 a3 0-1

[Event "Lichtenrader Herbst"]
[Site "?"]
[Date "2005.10.01"]
[Round "1"]
[White "Postler, Reinhard"]
[Black "Ayush, Batzaya"]
[Result "1-0"]
[WhiteElo "2327"]
[BlackElo "1796"]
[PlyCount "97"]
[EventDate "2005.??.??"]

1. e4 c5 2. Nf3 d6 3. d4 cxd4 4. Nxd4 Nf6 5. Nc3 a6 6. Be2 e6 7. f4 Be7 8. Be3
O-O 9. O-O Nc6 10. Kh1 Nxd4 11. Qxd4 Nd7 12. Rad1 b5 13. f5 e5 14. Qd2 Bb7 15.
Nd5 Bxd5 16. Qxd5 Qc7 17. Qb3 Rac8 18. Rd2 Nf6 19. Bd3 h6 20. a4 Rb8 21. axb5
axb5 22. Bf2 Qc6 23. Bh4 Rfe8 24. Bxf6 Bxf6 25. Ra1 Qc5 26. Be2 Ra8 27. Rad1
Be7 28. Rd5 Qf2 29. Bh5 Rf8 30. Rxb5 Qh4 31. Bf3 Bg5 32. g3 Qh3 33. Qc4 g6 34.
fxg6 Kg7 35. Rb7 Kxg6 36. Qe2 Qc8 37. Rxd6+ Kg7 38. Rdd7 Ra1+ 39. Kg2 Qc5 40.
Kh3 Qg1 41. Qc4 Qf1+ 42. Qxf1 Rxf1 43. Bh5 Rf2 44. c4 Be3 45. b4 Rb2 46. Bxf7
Bg1 47. Bh5+ Kf6 48. Rd6+ Kg5 49. Rg7+ 1-0

[Event "Lichtenrader Herbst"]
[Site "?"]
[Date "2005.10.01"]
[Round "1"]
[White "Kiesewetter, Peter"]
[Black "Reichenbach, Werner"]
[Result "0-1"]
[WhiteElo "1763"]
[BlackElo "2310"]
[PlyCount "52"]
[EventDate "2005.??.??"]

1. Nf3 Nf6 2. d4 g6 3. Bf4 Bg7 4. e3 O-O 5. Be2 d6 6. O-O Nh5 7. Bg3 Nxg3 8.
hxg3 Nd7 9. c4 e5 10. Nc3 c6 11. Rc1 Qe7 12. Qc2 f5 13. Rfd1 e4 14. Nd2 Nf6 15.
Nf1 Bd7 16. b4 a6 17. Rb1 Rac8 18. c5 Be6 19. Nd2 d5 20. a4 g5 21. b5 axb5 22.
axb5 f4 23. gxf4 gxf4 24. Nf1 Ng4 25. Bxg4 Bxg4 26. Rd2 f3 0-1

[Event "Lichtenrader Herbst"]
[Site "?"]
[Date "2005.10.01"]
[Round "1"]
[White "Moehring, Guenther"]
[Black "Eckardt, Bernd"]
[Result "1-0"]
[WhiteElo "2308"]
[BlackElo "1760"]
[PlyCount "79"]
[EventDate "2005.??.??"]

1. Nf3 c5 2. c4 Nc6 3. d4 cxd4 4. Nxd4 g6 5. e4 Bg7 6. Be3 Nf6 7. Nc3 d6 8. Be2
Bd7 9. O-O Rc8 10. Qd2 Ne5 11. b3 Neg4 12. Bg5 Qb6 13. Rad1 h6 14. Bh4 g5 15.
Bg3 Nh5 16. Nd5 Qxd4 17. Qxd4 Bxd4 18. Rxd4 Rf8 19. Bxg4 Bxg4 20. e5 Nxg3 21.
hxg3 Be2 22. exd6 Bxf1 23. dxe7 Rh8 24. Kxf1 f5 25. a4 Kf7 26. g4 fxg4 27. Rxg4
Rc6 28. Re4 h5 29. Ke2 h4 30. f3 Ke8 31. Re5 Rg8 32. Rf5 Re6+ 33. Kf2 Rxe7 34.
Nf6+ Kf7 35. Nxg8+ Kxg8 36. Rxg5+ Kf7 37. Rh5 Re6 38. Rh7+ Kg8 39. Rxb7 a6 40.
c5 1-0

[Event "Lichtenrader Herbst"]
[Site "?"]
[Date "2005.10.01"]
[Round "1"]
[White "Schilling, Hans"]
[Black "Giemsa, Stephan"]
[Result "1/2-1/2"]
[WhiteElo "1760"]
[BlackElo "2306"]
[PlyCount "123"]
[EventDate "2005.??.??"]

1. Nf3 Nf6 2. c4 c5 3. Nc3 Nc6 4. d4 cxd4 5. Nxd4 g6 6. e4 Bg7 7. Nc2 O-O 8.
Be2 b6 9. O-O Bb7 10. Be3 Rc8 11. f3 d6 12. Rc1 Nd7 13. Qd2 f5 14. Bh6 Bxh6 15.
Qxh6 Nc5 16. Qe3 f4 17. Qd2 Ne5 18. Nd4 Qd7 19. Nd5 g5 20. Nf5 Rce8 21. Nb4 a5
22. Nd3 Ncxd3 23. Bxd3 e6 24. Nd4 Qc7 25. Nb5 Qc5+ 26. Kh1 Rf6 27. Be2 Rd8 28.
Qd4 Qxd4 29. Nxd4 Kf7 30. Rfd1 Ke7 31. Kg1 g4 32. fxg4 Bxe4 33. Bf3 Nxf3+ 34.
gxf3 Bb7 35. h4 Rd7 36. Kf2 Rf8 37. Rc3 e5 38. Nf5+ Ke6 39. Rb3 e4 40. Rxb6
exf3 41. Re1+ Kf6 42. Nxd6 Ba8 43. Ne8+ Kf7 44. Nd6+ Kg8 45. Re5 a4 46. c5 Rfd8
47. Ra6 Rb8 48. b4 axb3 49. axb3 Kf8 50. b4 Re7 51. Rxe7 Kxe7 52. Rxa8 Rxa8 53.
Kxf3 Ra4 54. b5 Ke6 55. Ne4 Ke5 56. Ng5 Ra3+ 57. Ke2 Rb3 58. b6 Rb5 59. Nf7+
Kd5 60. Kf3 Kxc5 61. Kxf4 Rxb6 62. Kf5 1/2-1/2

[Event "Lichtenrader Herbst"]
[Site "?"]
[Date "2005.10.01"]
[Round "1"]
[White "Figura, Atila Gajo"]
[Black "Zirr, Karl-Heinz"]
[Result "1-0"]
[WhiteElo "2277"]
[BlackElo "1750"]
[PlyCount "51"]
[EventDate "2005.??.??"]

1. d4 Nf6 2. c4 e5 3. dxe5 Ng4 4. Bf4 Bb4+ 5. Nd2 Nc6 6. Ngf3 Qe7 7. e3 Ngxe5
8. Nxe5 Nxe5 9. Be2 d6 10. O-O Bxd2 11. Qxd2 O-O 12. Qc3 Ng6 13. Bg3 f5 14.
Rfe1 Bd7 15. Bf3 Bc6 16. Bxc6 bxc6 17. c5 d5 18. b4 Qd7 19. Qd4 Rae8 20. f3 Rf7
21. a4 Rfe7 22. Rad1 Re6 23. e4 fxe4 24. fxe4 Rxe4 25. Rxe4 Rxe4 26. Qxe4 1-0

[Event "Lichtenrader Herbst"]
[Site "?"]
[Date "2005.10.01"]
[Round "1"]
[White "Binder, Thomas"]
[Black "Meissner, Hans-Juergen"]
[Result "0-1"]
[WhiteElo "1740"]
[BlackElo "2256"]
[PlyCount "44"]
[EventDate "2005.??.??"]

1. e4 c5 2. d4 cxd4 3. c3 Nf6 4. e5 Nd5 5. cxd4 d6 6. Nf3 e6 7. Be2 Nd7 8. O-O
b6 9. Nbd2 Bb7 10. Nc4 dxe5 11. Bg5 f6 12. Bh4 e4 13. Nfe5 Be7 14. Bh5+ g6 15.
Qg4 Nf8 16. Nxg6 hxg6 17. Bxg6+ Nxg6 18. Qxg6+ Kd7 19. Qxe4 Qc7 20. Rac1 Qf4
21. Rfe1 Qxe4 22. Rxe4 Rac8 0-1

[Event "Lichtenrader Herbst"]
[Site "?"]
[Date "2005.10.01"]
[Round "1"]
[White "Niehaus, Frank"]
[Black "Uckar, Klaudijo"]
[Result "1-0"]
[WhiteElo "2252"]
[BlackElo "1738"]
[PlyCount "67"]
[EventDate "2005.??.??"]

1. e4 c5 2. Nf3 d6 3. d4 cxd4 4. Nxd4 Nf6 5. Nc3 a6 6. Bg5 e6 7. f4 Be7 8. Qf3
Qc7 9. O-O-O Nc6 10. Nxc6 bxc6 11. e5 dxe5 12. fxe5 Nd5 13. Bxe7 Qxe7 14. Ne4
O-O 15. c4 f5 16. Nd6 Qg5+ 17. Kb1 Ne7 18. h4 Qg4 19. Be2 Qxf3 20. Bxf3 Rb8 21.
Rhe1 Rb6 22. Kc2 c5 23. Nxc8 Rxc8 24. Rd6 Rcb8 25. b3 Ng6 26. h5 Nf8 27. Red1
a5 28. Rxb6 Rxb6 29. Rd8 a4 30. bxa4 Rb4 31. Bc6 Rxc4+ 32. Kb3 Rh4 33. a5 Rb4+
34. Kc3 1-0

[Event "Lichtenrader Herbst"]
[Site "?"]
[Date "2005.10.01"]
[Round "1"]
[White "Exner, Roland"]
[Black "Federau, Juergen"]
[Result "0-1"]
[WhiteElo "1729"]
[BlackElo "2236"]
[PlyCount "58"]
[EventDate "2005.??.??"]

1. d4 Nf6 2. Nf3 e6 3. g3 b6 4. Bg2 Bb7 5. O-O Be7 6. c4 O-O 7. Nc3 Ne4 8. Nxe4
Bxe4 9. a3 d5 10. cxd5 exd5 11. Bf4 c5 12. Qa4 c4 13. Ne1 Bxg2 14. Nxg2 a6 15.
Bxb8 b5 16. Qc2 Rxb8 17. Nf4 Bg5 18. Rac1 Bxf4 19. gxf4 Qh4 20. Qf5 Rb6 21. Rc3
Rh6 22. h3 Rg6+ 23. Kh2 Rf6 24. Qxd5 Rxf4 25. e3 Rxf2+ 26. Rxf2 Qxf2+ 27. Qg2
Qf6 28. d5 Qe5+ 29. Qg3 Qxd5 0-1

[Event "Lichtenrader Herbst"]
[Site "?"]
[Date "2005.10.01"]
[Round "1"]
[White "Teschke, Olaf"]
[Black "Fiss, Wolfgang"]
[Result "1-0"]
[WhiteElo "2236"]
[BlackElo "1723"]
[PlyCount "29"]
[EventDate "2005.??.??"]

1. e4 e6 2. d4 d5 3. Nc3 dxe4 4. Nxe4 Nd7 5. g3 Be7 6. Bg2 Ngf6 7. Nxf6+ Nxf6
8. Ne2 O-O 9. O-O Rb8 10. c4 b6 11. Qa4 a6 12. Bf4 Nh5 13. Be3 b5 14. Qa5 bxc4
15. Qxh5 1-0

[Event "Lichtenrader Herbst"]
[Site "?"]
[Date "2005.10.01"]
[Round "1"]
[White "Kuehnemann, Gunnar"]
[Black "Bartolomaeus, Christian"]
[Result "0-1"]
[WhiteElo "1712"]
[BlackElo "2232"]
[PlyCount "70"]
[EventDate "2005.??.??"]

1. d4 f5 2. Nf3 Nf6 3. g3 g6 4. Bg2 Bg7 5. O-O O-O 6. Nbd2 Nc6 7. c3 d5 8. Ne1
e5 9. dxe5 Nxe5 10. Qb3 Kh8 11. Nef3 Nf7 12. Rd1 Qe7 13. e3 Nd6 14. Ne1 c6 15.
Nd3 Be6 16. Nf4 Bf7 17. Qc2 g5 18. Ne2 Bg6 19. Qb3 Bh5 20. Re1 Nde4 21. Nd4 Bg6
22. f3 Nc5 23. Qb4 Rae8 24. N2b3 Nd3 25. Qxe7 Rxe7 26. Re2 Rfe8 27. Nc2 f4 28.
Nbd4 c5 29. Nb5 a6 30. Nba3 b5 31. b4 Nd7 32. bxc5 Bxc3 33. Rb1 N7xc5 34. e4 b4
35. gxf4 gxf4 0-1

[Event "Lichtenrader Herbst"]
[Site "?"]
[Date "2005.10.01"]
[Round "1"]
[White "Lueders, Gerhard"]
[Black "Vidic, Dobrivoje"]
[Result "1-0"]
[WhiteElo "2229"]
[BlackElo "1709"]
[PlyCount "79"]
[EventDate "2005.??.??"]

1. d4 d5 2. Nf3 Nf6 3. Bf4 e6 4. e3 c5 5. c3 Nc6 6. Nbd2 a6 7. Bd3 Be7 8. Ne5
cxd4 9. exd4 Bd6 10. O-O Qc7 11. Re1 O-O 12. Bg3 Bd7 13. Ndf3 Rac8 14. Bh4 Be7
15. Qd2 Qd8 16. Nxc6 Bxc6 17. Ne5 Qc7 18. Re3 Ne4 19. Bxe4 Bxh4 20. Bxh7+ Kxh7
21. Rh3 Qe7 22. Nf3 Rh8 23. Rxh4+ Kg8 24. Rxh8+ Kxh8 25. Qf4 f6 26. Re1 Re8 27.
h4 Kg8 28. g4 b5 29. a3 a5 30. g5 fxg5 31. Nxg5 Bd7 32. Re3 Rf8 33. Qe5 Re8 34.
Rf3 Rf8 35. Rxf8+ Kxf8 36. Qc7 a4 37. Kg2 Kg8 38. Qb8+ Be8 39. Qc8 e5 40. Qf5
1-0

[Event "Lichtenrader Herbst"]
[Site "?"]
[Date "2005.10.01"]
[Round "1"]
[White "Schalck, Christiano"]
[Black "Fruebing, Thomas"]
[Result "0-1"]
[WhiteElo "1704"]
[BlackElo "2211"]
[PlyCount "80"]
[EventDate "2005.??.??"]

1. e4 e6 2. d4 b6 3. Bd3 Bb7 4. Nf3 c5 5. c3 Ba6 6. O-O Nf6 7. e5 Bxd3 8. Qxd3
Nd5 9. a3 cxd4 10. cxd4 Be7 11. Nbd2 O-O 12. Qe4 Nc6 13. Qg4 f5 14. Qg3 Qe8 15.
Re1 Qh5 16. h3 Rac8 17. Nf1 f4 18. Qg4 Qf7 19. h4 Na5 20. N1d2 h5 21. Qh3 Qg6
22. Kh1 Rc2 23. Rg1 Qg4 24. Kh2 Rfc8 25. a4 Bb4 26. Rb1 Nc6 27. Nb3 Rxf2 28.
Ng5 Be7 29. Ne4 Re2 30. Qxg4 hxg4 31. Ng5 Bxg5 32. hxg5 Kf7 33. Bxf4 Nxf4 34.
Kg3 Re3+ 35. Kxf4 Rxb3 36. Kxg4 Nxd4 37. Rbd1 Rc4 38. Kh5 g6+ 39. Kh6 Nf5+ 40.
Kh7 Rh4# 0-1

[Event "Lichtenrader Herbst"]
[Site "?"]
[Date "2005.10.01"]
[Round "1"]
[White "Haemmerlein, Thomas"]
[Black "Schoenemann, Manfred"]
[Result "1-0"]
[WhiteElo "2193"]
[BlackElo "1694"]
[PlyCount "63"]
[EventDate "2005.??.??"]

1. d4 Nf6 2. c4 c5 3. d5 e6 4. Nc3 exd5 5. cxd5 d6 6. e4 g6 7. Bf4 a6 8. a4 Bg7
9. Bd3 O-O 10. h3 Qc7 11. Nf3 Nbd7 12. O-O Re8 13. Re1 Rb8 14. Nd2 Nh5 15. Be3
Ne5 16. Be2 Nf6 17. Qc2 b6 18. Rad1 Bb7 19. g4 h6 20. f4 Ned7 21. Bf2 Nh7 22.
h4 Bd4 23. g5 hxg5 24. hxg5 Rbc8 25. Nc4 Bxc3 26. bxc3 b5 27. axb5 axb5 28. Ne3
b4 29. Ng4 b3 30. Qd3 c4 31. Qd4 Qc5 32. Nh6+ 1-0

[Event "Lichtenrader Herbst"]
[Site "?"]
[Date "2005.10.01"]
[Round "1"]
[White "Fuchs, Raimond"]
[Black "Issel, Oliver"]
[Result "0-1"]
[WhiteElo "1692"]
[BlackElo "2171"]
[PlyCount "116"]
[EventDate "2005.??.??"]

1. e4 e6 2. d4 d5 3. exd5 exd5 4. Nf3 Bg4 5. h3 Bh5 6. Be2 Bd6 7. O-O Ne7 8.
Re1 O-O 9. Nc3 c6 10. Ne5 Bxe2 11. Qxe2 Nd7 12. Bf4 Nb6 13. Rad1 Qc7 14. Qg4
Ng6 15. Nxg6 hxg6 16. Bxd6 Qxd6 17. Re2 Qb4 18. Rb1 Nc4 19. a3 Qd6 20. Nd1 Rae8
21. Ne3 Qe6 22. Qxe6 Rxe6 23. Rbe1 Rfe8 24. Kf1 Nxb2 25. Rb1 Nc4 26. Rxb7 Nxa3
27. Rxa7 Nb5 28. Ra1 Nxd4 29. Rd2 Nf5 30. Nxf5 gxf5 31. Rad1 Re4 32. Rd3 Rc4
33. R1d2 Rb8 34. Re3 Kf8 35. Ree2 Rb1+ 36. Re1 Rxe1+ 37. Kxe1 Ke7 38. f3 f4 39.
Kd1 Rc3 40. Rd4 g5 41. h4 f6 42. hxg5 fxg5 43. Kd2 Ra3 44. Rb4 Kd6 45. Rb7 g4
46. fxg4 Rg3 47. Rg7 Rxg2+ 48. Kd3 Rg3+ 49. Ke2 c5 50. Rg5 c4 51. c3 Rxc3 52.
Rf5 Re3+ 53. Kd2 Rd3+ 54. Kc2 f3 55. g5 Ke6 56. g6 f2 57. Rxf2 Rg3 58. Rd2 Rxg6
0-1

[Event "Lichtenrader Herbst"]
[Site "?"]
[Date "2005.10.02"]
[Round "2"]
[White "Jenull, Marco"]
[Black "Rabiega, Robert"]
[Result "0-1"]
[WhiteElo "2156"]
[BlackElo "2501"]
[PlyCount "60"]
[EventDate "2005.??.??"]

1. e4 e5 2. Nf3 Nc6 3. Bb5 a6 4. Ba4 Nf6 5. O-O b5 6. Bb3 Be7 7. Re1 d6 8. c3
O-O 9. h3 Na5 10. Bc2 c5 11. d4 cxd4 12. cxd4 Qc7 13. Nbd2 Nc6 14. d5 Nb4 15.
Bb1 a5 16. Nf1 Bd7 17. Bd2 Na6 18. g4 Rfc8 19. Ng3 g6 20. Kg2 Nc5 21. Nh2 b4
22. Qf3 Ne8 23. Kh1 Qd8 24. Rg1 Bg5 25. Be3 Qf6 26. Nf5 Bxe3 27. Qxe3 gxf5 28.
gxf5+ Kf8 29. Rg5 Ke7 30. Ng4 Qh8 0-1

[Event "Lichtenrader Herbst"]
[Site "?"]
[Date "2005.10.02"]
[Round "2"]
[White "Meister, Yakov"]
[Black "Poppner, Dietmar"]
[Result "1-0"]
[WhiteElo "2490"]
[BlackElo "2156"]
[PlyCount "41"]
[EventDate "2005.??.??"]

1. c4 c5 2. Nc3 Nc6 3. e3 Nf6 4. d4 cxd4 5. exd4 d5 6. Bg5 e6 7. Nf3 Be7 8. Bd3
O-O 9. O-O dxc4 10. Bxc4 b6 11. a3 Bb7 12. Ba2 Rc8 13. Qd3 g6 14. Rad1 a6 15.
Rfe1 b5 16. Bh6 Re8 17. d5 exd5 18. Nxd5 Nxd5 19. Bxd5 Na5 20. Rxe7 Qxe7 21.
Qd4 1-0

[Event "Lichtenrader Herbst"]
[Site "?"]
[Date "2005.10.02"]
[Round "2"]
[White "Hannebauer, Torsten"]
[Black "Kalinitschew, Sergey"]
[Result "0-1"]
[WhiteElo "2154"]
[BlackElo "2478"]
[PlyCount "86"]
[EventDate "2005.??.??"]

1. e4 c5 2. Nf3 Nc6 3. d4 cxd4 4. Nxd4 e5 5. Nb5 d6 6. N1c3 a6 7. Na3 b5 8. Nd5
Nf6 9. Bg5 Be7 10. Bxf6 Bxf6 11. c3 Bg5 12. Nc2 O-O 13. a4 bxa4 14. Rxa4 a5 15.
Bc4 Rb8 16. b3 Kh8 17. Nce3 g6 18. O-O Bh6 19. Kh1 f5 20. exf5 gxf5 21. f4 Qe8
22. Nc7 Qg6 23. Ned5 Rf7 24. Rf3 exf4 25. Nb5 Rg7 26. Ra2 Ne5 27. Nxf4 Bxf4 28.
Rxf4 Nxc4 29. bxc4 Bb7 30. Rff2 Be4 31. Qe2 Re8 32. Qd1 Qe6 33. h3 f4 34. Kh2
Qg6 35. Qg4 Qh6 36. Qd1 Qg6 37. Nxd6 Qg3+ 38. Kg1 Bxg2 39. Nf5 Bf3+ 40. Nxg3
Bxd1 41. Rxf4 Rxg3+ 42. Rg2 Rg6 43. Rd4 Bf3 0-1

[Event "Lichtenrader Herbst"]
[Site "?"]
[Date "2005.10.02"]
[Round "2"]
[White "Hoppensack, Manfred"]
[Black "Mikhaletz, Lubomir"]
[Result "0-1"]
[WhiteElo "2130"]
[BlackElo "2451"]
[PlyCount "72"]
[EventDate "2005.??.??"]

1. e4 c5 2. Nf3 Nc6 3. d4 cxd4 4. Nxd4 Nf6 5. Nc3 e5 6. Ndb5 d6 7. Bg5 a6 8.
Na3 b5 9. Nd5 Be7 10. Bxf6 Bxf6 11. c4 b4 12. Nc2 Rb8 13. b3 O-O 14. Be2 Bg5
15. Bg4 Be6 16. O-O a5 17. g3 Qd7 18. Bxe6 fxe6 19. Nde3 Bxe3 20. fxe3 Rxf1+
21. Qxf1 Nd8 22. Qd3 Nb7 23. Rd1 Rd8 24. Qe2 Nc5 25. Qf3 Qb7 26. Rf1 h6 27. Rd1
Rf8 28. Qg2 Nxe4 29. Rf1 Rxf1+ 30. Kxf1 d5 31. Kg1 dxc4 32. bxc4 Qc6 33. c5 Qd5
34. Ne1 Nxc5 35. Qxd5 exd5 36. Nf3 d4 0-1

[Event "Lichtenrader Herbst"]
[Site "?"]
[Date "2005.10.02"]
[Round "2"]
[White "Langrock, Hannes"]
[Black "Hohn, August"]
[Result "1-0"]
[WhiteElo "2430"]
[BlackElo "2115"]
[PlyCount "44"]
[EventDate "2005.??.??"]

1. e4 c6 2. c4 d5 3. cxd5 cxd5 4. exd5 Nf6 5. Bb5+ Bd7 6. Bc4 b5 7. Bb3 Na6 8.
Nf3 Nc5 9. Bc2 Nxd5 10. d4 Na4 11. Ne5 Nab6 12. Nc3 Rc8 13. O-O Nxc3 14. bxc3
Be6 15. a4 Qc7 16. Bb3 Bd5 17. axb5 Qxc3 18. Bxd5 Nxd5 19. Rxa7 f6 20. Nc6 g6
21. Qg4 f5 22. Qe2 Rc7 1-0

[Event "Lichtenrader Herbst"]
[Site "?"]
[Date "2005.10.02"]
[Round "2"]
[White "Trebbin, Wolfhard"]
[Black "Postler, Reinhard"]
[Result "0-1"]
[WhiteElo "2114"]
[BlackElo "2327"]
[PlyCount "88"]
[EventDate "2005.??.??"]

1. d4 Nf6 2. Nf3 c5 3. g3 cxd4 4. Nxd4 d5 5. Bg2 e5 6. Nb3 h6 7. O-O Nc6 8. c3
Be7 9. Be3 O-O 10. h3 Bf5 11. a4 Qd7 12. Kh2 Rfd8 13. Bc5 Rac8 14. Na3 Be4 15.
f3 Bf5 16. Qe1 Bxc5 17. Nxc5 Qe7 18. Nb3 d4 19. cxd4 exd4 20. Rc1 Re8 21. g4
Bg6 22. f4 Be4 23. Bxe4 Qxe4 24. Rf2 d3 25. Nc5 Qd4 26. Nxd3 Qxa4 27. Rc4 Qb3
28. Qc1 Rcd8 29. Nc5 Qb6 30. e4 Nd7 31. e5 Nxc5 32. Rxc5 Rd3 33. Rfc2 Red8 34.
R5c3 Rxc3 35. bxc3 Qc5 36. Nb1 Qc4 37. Rf2 Rd3 38. Qf1 Qe4 39. Nd2 Qd5 40. Qe2
Rxc3 41. Ne4 Rc4 42. Nd6 Rb4 43. Qc2 Qd4 44. Kg3 Qe3+ 0-1

[Event "Lichtenrader Herbst"]
[Site "?"]
[Date "2005.10.02"]
[Round "2"]
[White "Reichenbach, Werner"]
[Black "Manukian, Artak"]
[Result "1-0"]
[WhiteElo "2310"]
[BlackElo "2113"]
[PlyCount "65"]
[EventDate "2005.??.??"]

1. d4 d6 2. e4 Nf6 3. Nc3 g6 4. Bg5 Bg7 5. f4 h6 6. Bh4 O-O 7. Nf3 c6 8. Qd2 b5
9. Bd3 b4 10. Ne2 a5 11. a3 c5 12. e5 dxe5 13. dxe5 Nh7 14. axb4 Bb7 15. bxc5
Qc7 16. Qe3 Nd7 17. e6 Qxc5 18. exf7+ Kxf7 19. Qxc5 Nxc5 20. Bc4+ e6 21. c3
Bxf3 22. gxf3 Nf6 23. Bf2 Rfc8 24. Nd4 Nd5 25. f5 gxf5 26. Nxf5 Bf8 27. Rd1
Rab8 28. Bxd5 exd5 29. Rxd5 Rxb2 30. O-O a4 31. Ra1 Ke6 32. c4 Re2 33. Nd4+ 1-0

[Event "Lichtenrader Herbst"]
[Site "?"]
[Date "2005.10.02"]
[Round "2"]
[White "Hahlbohm, Matthias"]
[Black "Moehring, Guenther"]
[Result "1-0"]
[WhiteElo "2102"]
[BlackElo "2308"]
[PlyCount "71"]
[EventDate "2005.??.??"]

1. e4 c5 2. Nf3 d6 3. d4 cxd4 4. Nxd4 Nf6 5. Nc3 e6 6. Be3 Be7 7. Be2 Nc6 8.
Qd2 O-O 9. O-O-O a6 10. f4 e5 11. Nf5 Bxf5 12. exf5 b5 13. g4 b4 14. Nd5 Nxd5
15. Qxd5 exf4 16. Bxf4 Ne5 17. Kb1 Qb6 18. g5 Qf2 19. Qd2 Rfe8 20. h4 Bf8 21.
Rh2 Qc5 22. b3 a5 23. h5 a4 24. g6 axb3 25. cxb3 d5 26. gxf7+ Kxf7 27. Rc1 Qa5
28. h6 g6 29. Bxe5 Rxe5 30. fxg6+ Kg8 31. Bf3 hxg6 32. Qd4 Rae8 33. Rd1 Kh7 34.
Bxd5 Bc5 35. Qg4 R8e7 36. Bc4 1-0

[Event "Lichtenrader Herbst"]
[Site "?"]
[Date "2005.10.02"]
[Round "2"]
[White "Zschaebitz, Klaus"]
[Black "Niehaus, Frank"]
[Result "1-0"]
[WhiteElo "2092"]
[BlackElo "2252"]
[PlyCount "89"]
[EventDate "2005.??.??"]

1. d4 Nf6 2. Nf3 g6 3. c4 Bg7 4. Nc3 d6 5. e4 O-O 6. h3 e5 7. d5 Na6 8. Be3 Nc5
9. Nd2 a5 10. b3 Ne8 11. g4 f5 12. gxf5 gxf5 13. Rg1 Kh8 14. Bg5 Qd7 15. f3 Qf7
16. Be3 Qh5 17. Qe2 Bh6 18. O-O-O fxe4 19. Bxh6 Qxh6 20. Ncxe4 Nxe4 21. fxe4
Nf6 22. Rg3 Nh5 23. Qe3 Nf4 24. Be2 Bd7 25. Rdg1 b6 26. Kb2 Rg8 27. Rxg8+ Rxg8
28. Rxg8+ Kxg8 29. Bg4 Bxg4 30. hxg4 Qh2 31. Ka3 Qg2 32. Ka4 Qxg4 33. Kb5 Qd7+
34. Ka6 Qg7 35. Nf3 Kf8 36. Nh4 Qg4 37. Nf5 Ke8 38. Kb7 Kd7 39. a3 h5 40. b4
axb4 41. axb4 Qg8 42. Qa3 Qc8+ 43. Ka7 Qe8 44. c5 Qf8 45. Qa4+ 1-0

[Event "Lichtenrader Herbst"]
[Site "?"]
[Date "2005.10.02"]
[Round "2"]
[White "Richter, Goetz"]
[Black "Teschke, Olaf"]
[Result "0-1"]
[WhiteElo "2073"]
[BlackElo "2236"]
[PlyCount "34"]
[EventDate "2005.??.??"]

1. e4 e6 2. d4 d5 3. Nc3 Bb4 4. Nge2 dxe4 5. a3 Bxc3+ 6. Nxc3 Nc6 7. Bb5 Nge7
8. Bg5 f6 9. Be3 O-O 10. Qd2 f5 11. O-O-O Nd5 12. Bxc6 bxc6 13. f3 f4 14. Nxd5
Qxd5 15. Bxf4 Qa2 16. c3 Rb8 17. Bxc7 Qa1+ 0-1

[Event "Lichtenrader Herbst"]
[Site "?"]
[Date "2005.10.02"]
[Round "2"]
[White "Bartolomaeus, Christian"]
[Black "Decker, Nils"]
[Result "1-0"]
[WhiteElo "2232"]
[BlackElo "2031"]
[PlyCount "79"]
[EventDate "2005.??.??"]

1. e4 c5 2. Nf3 Nc6 3. d4 cxd4 4. Nxd4 g6 5. c4 Bg7 6. Be3 Nf6 7. Nc3 Ng4 8.
Qxg4 Nxd4 9. Qd1 e5 10. Nb5 O-O 11. Be2 Qe7 12. O-O Nxe2+ 13. Qxe2 d6 14. Rfd1
Rd8 15. Bxa7 Be6 16. b3 f5 17. Bb6 Rd7 18. f3 Rf8 19. Nc3 Qh4 20. Bf2 Qh5 21.
Rd3 Rf6 22. Rad1 Bf8 23. c5 g5 24. exf5 Bxf5 25. Ne4 Rh6 26. Bg3 g4 27. cxd6
gxf3 28. gxf3 Rg7 29. R1d2 Bxe4 30. fxe4 Qxe2 31. Rxe2 Bxd6 32. Kg2 Kf7 33.
Red2 Rgg6 34. Rd5 Ke7 35. Rb5 Rh4 36. Rxb7+ Ke6 37. Rb6 Ke7 38. Rdxd6 Rxe4 39.
Rxg6 hxg6 40. Kf3 1-0